[Event "Ufa Startsev Memorial Rapid"]
[Site "Ufa"]
[Date "2024.02.04"]
[Round "2"]
[White "Remizov, Yaroslav"]
[Black "Batalov, Prokhor"]
[Result "1-0"]
[WhiteElo "2446"]
[BlackElo "1727"]
[PlyCount "71"]
[EventDate "2024.02.04"]
[EventType "swiss (rapid)"]
[EventRounds "11"]
[EventCountry "RUS"]
[SourceTitle "CB07_2024"]
[SourceDate "2024.02.14"]
[SourceVersion "1"]
[SourceVersionDate "2024.02.14"]
[SourceQuality "1"]

1. e4 c5 2. Nf3 e6 3. c3 d5 4. exd5 exd5 5. d4 cxd4 6. Nxd4 Nf6 7. Bb5+ Bd7 8. Bxd7+ Nbxd7 9. 0-0 Be7 10. Nf5 0-0 11. Bg5 Re8 12. Nd2 Qb6 13. Nb3 Bf8 14. Be3 Qc7 15. Qc2 Nc5 16. Bxc5 Bxc5 17. Nxc5 Qxc5 18. Rfe1 g6 19. Nd4 Re4 20. Qb3 b6 21. f3 Re6 22. Kf1 Rxe1+ 23. Rxe1 Kf8 24. a4 Re8 25. Rxe8+ Nxe8 26. Qc2 Nd6 27. b3 b5 28. axb5 Nxb5 29. Ne2 Qe3 30. Qb2 Qd3 31. Kf2 h5 32. c4 Nd6 33. Nf4 Qf5 34. Nxd5 Ne4+ 35. Ke3 Nc5 36. Qh8# 1-0

[Event "Khanty-Mansiysk TOP 28 Rapid GP"]
[Site "Khanty-Mansiysk"]
[Date "2023.12.03"]
[Round "13"]
[White "Pridorozhni, Aleksei"]
[Black "Remizov, Yaroslav"]
[Result "0-1"]
[WhiteElo "2486"]
[BlackElo "2437"]
[PlyCount "42"]
[EventDate "2023.12.01"]
[EventType "tourn (rapid)"]
[EventRounds "13"]
[EventCountry "RUS"]
[EventCategory "10"]
[SourceTitle "CB49_2023"]
[SourceDate "2023.12.06"]
[SourceVersion "1"]
[SourceVersionDate "2023.12.06"]
[SourceQuality "1"]

1. e4 c5 2. Nf3 e6 3. d4 cxd4 4. Nxd4 Nf6 5. Nc3 Nc6 6. Nxc6 bxc6 7. e5 Nd5 8. Ne4 Qc7 9. f4 Rb8 10. c4 Bb4+ 11. Ke2 0-0 12. cxd5 cxd5 13. Nd6 f6 14. a3 Ba5 15. b4 fxe5 16. Nxc8 Rfxc8 17. bxa5 Qc3 18. Bd2 Rb2 19. h4 Rc4 20. Qc1 Re4+ 21. Kf2 Qe3# 0-1

[Event "Khanty-Mansiysk TOP 28 Rapid GP"]
[Site "Khanty-Mansiysk"]
[Date "2023.12.01"]
[Round "3"]
[White "Remizov, Yaroslav"]
[Black "Triapishko, Alexandr"]
[Result "0-1"]
[WhiteElo "2437"]
[BlackElo "2499"]
[PlyCount "80"]
[EventDate "2023.12.01"]
[EventType "tourn (rapid)"]
[EventRounds "13"]
[EventCountry "RUS"]
[EventCategory "10"]
[SourceTitle "CB49_2023"]
[SourceDate "2023.12.06"]
[SourceVersion "1"]
[SourceVersionDate "2023.12.06"]
[SourceQuality "1"]

1. e4 e5 2. Nf3 Nc6 3. Bc4 d6 4. 0-0 Be7 5. d4 Nf6 6. Re1 0-0 7. h3 exd4 8. Nxd4 Nxd4 9. Qxd4 Nd7 10. Nc3 Bf6 11. Qe3 c6 12. Qg3 Be5 13. f4 Bf6 14. Qf3 d5 15. exd5 Nb6 16. Bb3 Bxc3 17. bxc3 cxd5 18. f5 Qf6 19. Ba3 Qxf5 20. Qxf5 Bxf5 21. Bxf8 Kxf8 22. a4 a5 23. Re3 Be6 24. Rf1 Ke7 25. Rf4 Rc8 26. Kf2 h5 27. Ke2 Kd6 28. Kd2 g6 29. Rd4 Kc5 30. Re1 Nd7 31. Rb1 Nf6 32. Ba2 Ne4+ 33. Kd3 Kd6 34. c4 Ke5 35. Rb5 f5 36. Ke3 f4+ 37. Kd3 Nc5+ 38. Kc3 Nxa4+ 39. Kb3 Kxd4 40. Kxa4 Bd7 0-1

[Event "Khanty-Mansiysk Governor Cup Rapid"]
[Site "Khanty-Mansiysk"]
[Date "2023.11.26"]
[Round "4"]
[White "Remizov, Yaroslav"]
[Black "Pridorozhni, Aleksei"]
[Result "1-0"]
[WhiteElo "2437"]
[BlackElo "2486"]
[PlyCount "87"]
[EventDate "2023.11.26"]
[EventType "swiss (rapid)"]
[EventRounds "11"]
[EventCountry "RUS"]
[SourceTitle "CB49_2023"]
[SourceDate "2023.12.06"]
[SourceVersion "1"]
[SourceVersionDate "2023.12.06"]
[SourceQuality "1"]

1. e4 e5 2. Nf3 Nc6 3. Bc4 Nf6 4. Ng5 d5 5. exd5 Na5 6. Bb5+ c6 7. dxc6 bxc6 8. Bd3 Nd5 9. Nf3 Bd6 10. 0-0 0-0 11. Re1 Re8 12. Be4 Bg4 13. h3 Bh5 14. Nc3 Ne7 15. g4 Bg6 16. d4 exd4 17. Qxd4 f5 18. Bd3 c5 19. Qa4 c4 20. gxf5 Nxf5 21. Bg5 Qc8 22. Be4 Nb7 23. Bd5+ Kh8 24. Rxe8+ Bxe8 25. Qxc4 Qxc4 26. Bxc4 h6 27. Bd2 Rb8 28. Re1 Nc5 29. b3 Bh5 30. Be2 Rd8 31. Ne5 Be8 32. Bb5 Bh5 33. Be2 Be8 34. Bd1 Nd4 35. Nf3 Nce6 36. Nxd4 Nxd4 37. Be3 Nf5 38. Bg4 Nxe3 39. Rxe3 Bg6 40. Ne4 Bc7 41. Kg2 h5 42. Bf3 Rd5 43. Rc3 Bf4 44. Rc8+ 1-0

[Event "Khanty-Mansiysk Governor Cup 19th"]
[Site "Khanty-Mansiysk"]
[Date "2023.11.23"]
[Round "7"]
[White "Remizov, Yaroslav"]
[Black "Lintchevski, Daniil"]
[Result "1/2-1/2"]
[WhiteElo "2437"]
[BlackElo "2542"]
[PlyCount "81"]
[EventDate "2023.11.17"]
[EventType "swiss"]
[EventRounds "9"]
[EventCountry "RUS"]
[SourceTitle "CB48_2023"]
[SourceDate "2023.11.29"]
[SourceVersion "1"]
[SourceVersionDate "2023.11.29"]
[SourceQuality "1"]

1. Nf3 d5 2. c4 e6 3. g3 Nf6 4. Bg2 Be7 5. 0-0 0-0 6. b3 c5 7. cxd5 Nxd5 8. Bb2 Nc6 9. d4 cxd4 10. Nxd4 Nxd4 11. Qxd4 Bf6 12. Qd2 Nf4 13. gxf4 Qxd2 14. Nxd2 Bxb2 15. Rad1 Rb8 16. Nc4 Bf6 17. b4 b6 18. b5 Bb7 19. Rd7 Bxg2 20. Kxg2 Rfc8 21. Ne3 Ra8 22. Rb7 Rc3 23. Rd1 Ra3 24. Rdd7 Rxa2 25. Kf3 Rf8 26. Nc4 a6 27. bxa6 Rxa6 28. Rxb6 Rxb6 29. Nxb6 Rd8 30. Rb7 g6 31. Nd7 Bg7 32. e4 Ra8 33. e5 h6 34. h4 h5 35. Nf6+ Bxf6 36. exf6 Rd8 37. Ra7 Kf8 38. Rb7 Ke8 39. Re7+ Kf8 40. Rb7 Kg8 41. Ra7 1/2-1/2

[Event "Khanty-Mansiysk Governor Cup 19th"]
[Site "Khanty-Mansiysk"]
[Date "2023.11.19"]
[Round "3"]
[White "Nesterov, Arseniy"]
[Black "Remizov, Yaroslav"]
[Result "1/2-1/2"]
[WhiteElo "2597"]
[BlackElo "2437"]
[PlyCount "109"]
[EventDate "2023.11.17"]
[EventType "swiss"]
[EventRounds "9"]
[EventCountry "RUS"]
[SourceTitle "CB48_2023"]
[SourceDate "2023.11.29"]
[SourceVersion "1"]
[SourceVersionDate "2023.11.29"]
[SourceQuality "1"]

1. d4 d5 2. c4 e6 3. Nf3 c6 4. Qc2 f5 5. Bf4 Ne7 6. e3 Ng6 7. Bg3 h5 8. h4 Be7 9. Be2 Nd7 10. cxd5 cxd5 11. Bc7 Bb4+ 12. Nbd2 Qe7 13. a3 Bxd2+ 14. Nxd2 Nf6 15. Bg3 Bd7 16. Qc7 Bc6 17. Qxe7+ Kxe7 18. 0-0 Ne4 19. Nxe4 dxe4 20. Rfc1 Raf8 21. Rc5 f4 22. exf4 Nxf4 23. Bd1 Nd5 24. b4 a6 25. Be2 Bd7 26. Re1 g6 27. Bf1 b6 28. Rcc1 Rc8 29. Bxa6 Rc3 30. Rxc3 Nxc3 31. Re3 Ra8 32. Rxc3 Rxa6 33. Be5 b5 34. Kh2 Rc6 35. Rc5 Ra6 36. Rc3 Rc6 37. Rg3 Be8 38. Re3 Rc2 39. Kg3 Bc6 40. Bf4 Rd2 41. Rc3 Rd3+ 42. Rxd3 exd3 43. f3 Bd5 44. Bd2 Bb3 45. Kf4 Kf6 46. Ke4 Bc2 47. g4 Bd1 48. gxh5 gxh5 49. f4 Bb3 50. Kxd3 Kf5 51. Kc3 Ba4 52. d5 exd5 53. Kd4 Bb3 54. Be3 Bd1 55. Kxd5 1/2-1/2

[Event "Cheliabinsk Shusharin Memorial Rapid"]
[Site "Cheliabinsk"]
[Date "2023.11.16"]
[Round "10"]
[White "Kezin, Roman"]
[Black "Remizov, Yaroslav"]
[Result "1/2-1/2"]
[WhiteElo "2505"]
[BlackElo "2437"]
[PlyCount "209"]
[EventDate "2023.11.15"]
[EventType "swiss (rapid)"]
[EventRounds "11"]
[EventCountry "RUS"]
[SourceTitle "CB47_2023"]
[SourceDate "2023.11.22"]
[SourceVersion "1"]
[SourceVersionDate "2023.11.22"]
[SourceQuality "1"]

1. d4 Nf6 2. c4 e6 3. Nf3 d5 4. g3 dxc4 5. Bg2 a6 6. 0-0 Nc6 7. Nbd2 Nxd4 8. Nxc4 Nxf3+ 9. Bxf3 Qxd1 10. Rxd1 Be7 11. Na5 Nd5 12. e4 Nb6 13. Bf4 c6 14. Bc7 Nd7 15. e5 Bd8 16. Bxd8 Kxd8 17. Rac1 Ke7 18. Nc4 a5 19. Be4 Ra6 20. f4 f6 21. Rc3 fxe5 22. Nxe5 Nxe5 23. fxe5 Rb6 24. Rf3 Bd7 25. Rfd3 Be8 26. Rd8 Rxb2 27. Rc8 Bh5 28. Rc7+ Ke8 29. Rc8+ Ke7 30. Rc7+ Ke8 31. Rd6 Rf8 32. Rxb7 Rxb7 33. Bxc6+ Ke7 34. Bxb7 Rf5 35. Rb6 Rxe5 36. Ba6 Bf3 37. Kf2 Bd5 38. a3 Rf5+ 39. Ke2 Bg2 40. Bd3 Bf1+ 41. Ke3 Re5+ 42. Kf4 Re1 43. Bxh7 Ra1 44. Ke5 Re1+ 45. Kf4 Kf6 46. h4 Ra1 47. Rb3 Bc4 48. Rc3 e5+ 49. Ke3 Be6 50. Bd3 Re1+ 51. Kf2 Ra1 52. Be2 a4 53. Rc6 Ke7 54. Rc7+ Kf8 55. Rc5 Rxa3 56. Rxe5 Bb3 57. Ra5 Ra1 58. Rb5 Ra2 59. Rb8+ Ke7 60. Ke3 Ra1 61. Rb7+ Kf6 62. Bd3 Be6 63. Rb6 Ke7 64. Rb7+ Kf8 65. Rb8+ Ke7 66. Rb7+ Kd8 67. Rb6 Bf7 68. Rb7 Bd5 69. Rb5 Bc6 70. Ra5 Kc7 71. Kd4 Kb6 72. Ra6+ Kb7 73. Ra5 Rg1 74. Rg5 a3 75. Rxg7+ Kb6 76. Bc4 Rd1+ 77. Ke3 Rc1 78. Bg8 Ra1 79. h5 a2 80. Bxa2 Rxa2 81. g4 Kc5 82. h6 Rh2 83. g5 Kd6 84. h7 Ke5 85. g6 Rh3+ 86. Kd2 Rh2+ 87. Kc3 Rh3+ 88. Kb4 Be4 89. Re7+ Kf6 90. Re8 Bxg6 91. h8Q+ Rxh8 92. Rxh8 Kg7 93. Rh4 Bf7 94. Kc5 Bg6 95. Kd6 Bh7 96. Ke5 Kh8 97. Kf6 Kg8 98. Rb4 Kh8 99. Kf7 Bg8+ 100. Kf8 Bh7 101. Rg4 Bc2 102. Kf7 Bb3+ 103. Kf6 Bg8 104. Rh4+ Bh7 105. Kf7 1/2-1/2

[Event "Cheliabinsk Shusharin Memorial Rapid"]
[Site "Cheliabinsk"]
[Date "2023.11.16"]
[Round "11"]
[White "Remizov, Yaroslav"]
[Black "Khismatullin, Denis Rimovich"]
[Result "1-0"]
[WhiteElo "2437"]
[BlackElo "2579"]
[PlyCount "47"]
[EventDate "2023.11.15"]
[EventType "swiss (rapid)"]
[EventRounds "11"]
[EventCountry "RUS"]
[SourceTitle "CB47_2023"]
[SourceDate "2023.11.22"]
[SourceVersion "1"]
[SourceVersionDate "2023.11.22"]
[SourceQuality "1"]

1. e4 d6 2. d4 Nf6 3. Nc3 e5 4. Nf3 Nbd7 5. Bc4 Be7 6. 0-0 0-0 7. Re1 c6 8. a4 exd4 9. Nxd4 Ne5 10. Ba2 Re8 11. h3 Bd7 12. f4 Ng6 13. Nf3 d5 14. f5 Bc5+ 15. Kh1 Ne5 16. Bg5 Qb6 17. exd5 Bxf5 18. Nxe5 Qxb2 19. dxc6 Qxc3 20. Bxf7+ Kh8 21. Bxe8 Ne4 22. Nf7+ Kg8 23. Qf3 Rxe8 24. Qxc3 1-0

[Event "Cheliabinsk Shusharin Memorial Rapid"]
[Site "Cheliabinsk"]
[Date "2023.11.16"]
[Round "7"]
[White "Voit, Daria"]
[Black "Remizov, Yaroslav"]
[Result "1-0"]
[WhiteElo "2343"]
[BlackElo "2437"]
[PlyCount "97"]
[EventDate "2023.11.15"]
[EventType "swiss (rapid)"]
[EventRounds "11"]
[EventCountry "RUS"]
[SourceTitle "CB47_2023"]
[SourceDate "2023.11.22"]
[SourceVersion "1"]
[SourceVersionDate "2023.11.22"]
[SourceQuality "1"]

1. d4 d5 2. c4 e6 3. Nf3 Nf6 4. g3 dxc4 5. Bg2 a6 6. 0-0 Nc6 7. Be3 Nd5 8. Qc1 b5 9. b3 Na5 10. Bd2 c5 11. Bxa5 Qxa5 12. bxc4 bxc4 13. Qxc4 Bd7 14. Qc2 cxd4 15. Nxd4 Rc8 16. Qe4 Be7 17. Nb3 Qb5 18. N1d2 Bf6 19. Nd4 Qb4 20. N2b3 Nc3 21. Qb7 a5 22. Qxb4 axb4 23. e3 e5 24. Nf3 0-0 25. a3 Be6 26. Nfd2 e4 27. Kh1 Nb5 28. axb4 Bxa1 29. Rxa1 Bxb3 30. Nxb3 Rc4 31. Nd2 Rxb4 32. Nxe4 Rb2 33. Bf3 h6 34. Kg2 Rd8 35. g4 Nc7 36. h4 Nd5 37. Kg3 Nb4 38. Ra7 Nd3 39. g5 hxg5 40. Nxg5 Ne5 41. Be4 Rb3 42. f4 Rxe3+ 43. Kf2 Ng4+ 44. Kf1 f6 45. Bd5+ Kf8 46. Rf7+ Ke8 47. Bc6+ Rd7 48. Bxd7+ Kd8 49. Ne6+ 1-0

[Event "RUS-chT Blitz"]
[Site "Sochi"]
[Date "2023.10.17"]
[Round "4.21"]
[White "Remizov, Yaroslav"]
[Black "Murzin, Volodar"]
[Result "1-0"]
[WhiteElo "2437"]
[BlackElo "2633"]
[PlyCount "71"]
[EventDate "2023.10.17"]
[EventType "team-swiss (blitz)"]
[EventRounds "13"]
[EventCountry "RUS"]
[SourceTitle "Mega2024 Update 01"]
[Source "Chessbase"]
[SourceDate "2023.11.12"]
[SourceVersion "1"]
[SourceVersionDate "2023.11.12"]
[SourceQuality "1"]
[WhiteTeam "Moscow Temus Tim"]
[BlackTeam "Moscow Formula Shakhmat"]
[WhiteTeamCountry "RUS"]
[BlackTeamCountry "RUS"]

1. e4 c6 2. d4 d5 3. e5 Bf5 4. h4 h5 5. c4 e6 6. Nc3 dxc4 7. Bxc4 Nd7 8. Nge2 Be7 9. Nf4 Bg4 10. Be2 Bxe2 11. Qxe2 g6 12. Qc2 Nh6 13. Be3 Nf5 14. g3 Nb6 15. 0-0-0 Nd5 16. Rhe1 Kf8 17. Kb1 Kg7 18. Ne4 Qa5 19. Bd2 Qb6 20. Bc3 Nxf4 21. gxf4 Rad8 22. Nd6 Nxd6 23. exd6 Bf6 24. d5 Bxc3 25. Qxc3+ Kh7 26. dxe6 fxe6 27. Rxe6 Rhe8 28. Rxe8 Rxe8 29. d7 Rd8 30. Qf6 Qa5 31. Ka1 Qa4 32. Qe7+ Kh6 33. Rg1 Qa5 34. f5 Rg8 35. Qg5+ Kg7 36. f6+ 1-0

[Event "RUS-ch Rapid"]
[Site "Sochi"]
[Date "2023.10.16"]
[Round "9"]
[White "Remizov, Yaroslav"]
[Black "Ponkratov, Pavel"]
[Result "0-1"]
[WhiteElo "2437"]
[BlackElo "2595"]
[PlyCount "112"]
[EventDate "2023.10.15"]
[EventType "swiss (rapid)"]
[EventRounds "11"]
[EventCountry "RUS"]
[SourceTitle "Mega2024 Update 01"]
[Source "Chessbase"]
[SourceDate "2023.11.12"]
[SourceVersion "1"]
[SourceVersionDate "2023.11.12"]
[SourceQuality "1"]

1. e4 c5 2. Nf3 e6 3. c3 d5 4. exd5 exd5 5. d4 Bd6 6. Bb5+ Nc6 7. c4 a6 8. Bxc6+ bxc6 9. Be3 cxd4 10. Bxd4 Qe7+ 11. Qe2 f6 12. cxd5 Qxe2+ 13. Kxe2 cxd5 14. Nc3 Ne7 15. Rhd1 Kf7 16. Be3 Bb7 17. Nd4 h5 18. g3 h4 19. Nb3 Rae8 20. Ne4 Bb8 21. Nec5 Bc8 22. Kf3 hxg3 23. hxg3 Nf5 24. Rxd5 Rh2 25. Nd4 Ne7 26. Rd7 Bxd7 27. Nxd7 Nd5 28. Nxb8 Rxb8 29. b3 Nxe3 30. fxe3 Rc8 31. a4 a5 32. Rb1 Ra2 33. b4 Rb8 34. Nc6 Rb6 35. Nxa5 Rxa4 36. Rc1 Rbxb4 37. Rc7+ Kg6 38. Nc6 Rc4 39. Ne7+ Kg5 40. Rb7 Rc5 41. Rd7 Ra1 42. Nd5 Kh6 43. Nf4 Re5 44. Rd8 Kh7 45. Rd7 Ra3 46. Nd5 Kh6 47. Ke2 Rb3 48. Kf2 Rf5+ 49. Nf4 Re5 50. Nd5 g6 51. g4 Kg5 52. Ke2 Kxg4 53. Nxf6+ Kf5 54. Nh7 Rbxe3+ 55. Kf2 Re2+ 56. Kf1 Re7 0-1

[Event "RUS-ch Rapid"]
[Site "Sochi"]
[Date "2023.10.16"]
[Round "8"]
[White "Shubin, Kirill"]
[Black "Remizov, Yaroslav"]
[Result "0-1"]
[WhiteElo "2440"]
[BlackElo "2437"]
[PlyCount "84"]
[EventDate "2023.10.15"]
[EventType "swiss (rapid)"]
[EventRounds "11"]
[EventCountry "RUS"]
[SourceTitle "Mega2024 Update 01"]
[Source "Chessbase"]
[SourceDate "2023.11.12"]
[SourceVersion "1"]
[SourceVersionDate "2023.11.12"]
[SourceQuality "1"]

1. e4 c6 2. d4 d5 3. exd5 cxd5 4. Bd3 Nc6 5. c3 Nf6 6. Bf4 Bg4 7. Qb3 e5 8. h3 Na5 9. Qc2 exf4 10. hxg4 Qe7+ 11. Qe2 Nxg4 12. Nh3 Qxe2+ 13. Bxe2 Nf6 14. Nxf4 g6 15. Bf3 0-0-0 16. Nd2 h5 17. Nd3 Bh6 18. Kd1 Rhe8 19. Kc2 Ne4 20. Nb3 Nc4 21. Rae1 f5 22. Nbc1 Re7 23. a4 Rc7 24. Ne2 Rd6 25. Ra1 Rb6 26. a5 Rb5 27. a6 Nxf2 28. axb7+ Rcxb7 29. Nb4 Nxh1 30. Rxh1 a5 31. Nxd5 Rxd5 32. Bxd5 Ne3+ 33. Kd3 Nxd5 34. Ra1 Rxb2 35. Rxa5 Rd2+ 36. Kc4 Ne3+ 37. Kc5 Rxe2 38. Kc6 Kd8 39. d5 Rd2 40. Ra8+ Ke7 41. Ra7+ Kf6 42. d6 Nc4 0-1

[Event "RUS-ch Rapid"]
[Site "Sochi"]
[Date "2023.10.15"]
[Round "4"]
[White "Drygalov, Andrey"]
[Black "Remizov, Yaroslav"]
[Result "1/2-1/2"]
[WhiteElo "2475"]
[BlackElo "2437"]
[PlyCount "96"]
[EventDate "2023.10.15"]
[EventType "swiss (rapid)"]
[EventRounds "11"]
[EventCountry "RUS"]
[SourceTitle "Mega2024 Update 01"]
[Source "Chessbase"]
[SourceDate "2023.11.12"]
[SourceVersion "1"]
[SourceVersionDate "2023.11.12"]
[SourceQuality "1"]

1. d4 d5 2. c4 e6 3. Nf3 Nf6 4. Nc3 c6 5. e3 Nbd7 6. Qc2 Bd6 7. Bd3 0-0 8. 0-0 dxc4 9. Bxc4 b5 10. Be2 Bb7 11. e4 e5 12. dxe5 Nxe5 13. Nd4 b4 14. Na4 Neg4 15. Nf5 g6 16. Nxd6 Qxd6 17. g3 c5 18. Qxc5 Qd7 19. Qxb4 a5 20. Qb3 Qe7 21. f3 Nxe4 22. fxg4 Rab8 23. Bf4 Ng5 24. Bf3 Nxf3+ 25. Rxf3 Bxf3 26. Qxf3 Rb4 27. b3 g5 28. Be3 Re4 29. Bc5 Qe5 30. Rf1 Re8 31. Qxf7+ Kh8 32. Qf6+ Qxf6 33. Rxf6 Rxg4 34. Rf2 h5 35. Kg2 Rge4 36. Nc3 Re1 37. Bd4+ Kh7 38. Nd5 R8e2 39. Bc3 Rxf2+ 40. Kxf2 Rh1 41. Kg2 Rc1 42. Bxa5 Rc5 43. Nf6+ Kg6 44. Bd8 Rc8 45. Be7 Rc7 46. Bd8 Rc8 47. Be7 Rc7 48. Bd8 Rc8 1/2-1/2

[Event "RUS-ch Rapid"]
[Site "Sochi"]
[Date "2023.10.15"]
[Round "2"]
[White "Kretov, Evgenij"]
[Black "Remizov, Yaroslav"]
[Result "0-1"]
[WhiteElo "2276"]
[BlackElo "2437"]
[PlyCount "98"]
[EventDate "2023.10.15"]
[EventType "swiss (rapid)"]
[EventRounds "11"]
[EventCountry "RUS"]
[SourceTitle "Mega2024 Update 01"]
[Source "Chessbase"]
[SourceDate "2023.11.12"]
[SourceVersion "1"]
[SourceVersionDate "2023.11.12"]
[SourceQuality "1"]

1. d4 d5 2. c4 e6 3. Nc3 c6 4. e3 Nf6 5. Nf3 Nbd7 6. Bd3 dxc4 7. Bxc4 b5 8. Be2 Bd6 9. 0-0 0-0 10. Qc2 Bb7 11. e4 e5 12. Bg5 h6 13. Bh4 Re8 14. Rad1 exd4 15. Rxd4 Qc7 16. Rfd1 Bc5 17. Bg3 Qc8 18. R4d2 Bb4 19. e5 Nd5 20. a3 Bxc3 21. bxc3 Qd8 22. c4 bxc4 23. Bxc4 Qa5 24. Rb1 N7b6 25. Bxd5 cxd5 26. Qc7 Bc8 27. Qd6 Bf5 28. Qb4 Qa6 29. Rc1 Be4 30. Rc6 Rac8 31. Rxc8 Rxc8 32. Rd1 Bxf3 33. gxf3 Qe2 34. Re1 Qxf3 35. Qe7 Qc3 36. Re3 Qc5 37. Qxa7 d4 38. Rf3 Qd5 39. Kg2 Rc3 40. Qxb6 Qxf3+ 41. Kh3 Qf5+ 42. Kg2 Qe4+ 43. Kh3 h5 44. Qd8+ Kh7 45. Qg5 Qg4+ 46. Qxg4 hxg4+ 47. Kxg4 d3 48. Kf3 Rxa3 49. Ke3 Kg6 0-1